000 00376cam a22001337a 4500
008 180718b1973 xxu||||| |||| 00| 0 eng d
082 _aT19x54 M474c
100 _aMehta, Balraj
245 _aCrisis of Indian economy
_cby Balraj Mehta
260 _aNew Delhi
_bSterling
_c1973
300 _a194p.
650 _aEconomic planning - India
650 _aIndia - Economic conditions
999 _c350469
_d350469